| 000 | 01243cab a2200337 4500 | ||
|---|---|---|---|
| 001 | ABS48037 | ||
| 008 | 090401t xxu||||| |||| 00| 0 eng d | ||
| 035 | _a(Sirsi) u64564 | ||
| 041 | _aeng | ||
| 100 | _aInglis, A. | ||
| 245 | _aAuthorised property funds | ||
| 260 | _c11(2) Winter 1992/93, 107-117(11) | ||
| 350 | _a0 | ||
| 490 |
_aJournal of Property Valuation and Investment _v11(2) Winter 1992/93, 107-117(11) |
||
| 520 | _aLooks at Australian experience of unit trust dealing in an evaluation of its deregulation in the UK. Since orders were issued in 1991 under the Financial Services Act 1986, authorised property funds have been entitled to trade in unit trusts backed by property investments. Prospects for the market are weighed up. | ||
| 650 | _aACCUMULATION UNITS | ||
| 650 | _aAUSTRALIA | ||
| 650 | _aAUTHORISED PROPERTY FUNDS | ||
| 650 | _aFINANCIAL SERVICES ACT 1986 | ||
| 650 | _aINCOME UNITS | ||
| 650 | _aINVESTMENT MARKET | ||
| 650 | _aINVESTMENT PROPERTY | ||
| 650 | _aLIQUIDITY | ||
| 650 | _aPROPERTY INVESTMENT | ||
| 650 | _aPROPERTY MARKET | ||
| 650 | _aPROPERTY TRUSTS | ||
| 650 | _aUNITS TRUSTS | ||
| 690 | _aPROPERTY-PROPERTY FINANCE AND INVESTMENT | ||
| 942 | _n0 | ||
| 948 | _c04/03/1997 | ||
| 999 |
_c40221 _d40221 |
||